<?xml version="1.0" encoding="UTF-8"?>
<record
    xmlns:xsi="http://www.w3.org/2001/XMLSchema-instance"
    xsi:schemaLocation="http://www.loc.gov/MARC21/slim http://www.loc.gov/standards/marcxml/schema/MARC21slim.xsd"
    xmlns="http://www.loc.gov/MARC21/slim">

  <leader>00617nam a22001577a 4500</leader>
  <controlfield tag="005">20251106120904.0</controlfield>
  <controlfield tag="008">250902b        |||||||| |||| 00| 0 eng d</controlfield>
  <datafield tag="050" ind1=" " ind2=" ">
    <subfield code="a">THE S 531 . O 394 2017</subfield>
    <subfield code="b">1</subfield>
  </datafield>
  <datafield tag="100" ind1=" " ind2=" ">
    <subfield code="a">OKETCH, ADHIAMBO PHENNY</subfield>
  </datafield>
  <datafield tag="245" ind1=" " ind2=" ">
    <subfield code="a">PERCEPTIONS OF PRINCIPLES,TEACHERS AND STUDENTS ON ROLE OF THE FIELD TRIPS IN TEACHING AND LEARNING AGRICULTURE IN SECONDARY SCHOOLS ,RARIEDA SUB COUNTY, KENYA</subfield>
  </datafield>
  <datafield tag="260" ind1=" " ind2=" ">
    <subfield code="a">KISII UNIVERISTY,</subfield>
    <subfield code="b">KISII UNIVERSIY PRESS,</subfield>
    <subfield code="c">2017,</subfield>
  </datafield>
  <datafield tag="300" ind1=" " ind2=" ">
    <subfield code="a">XVii, 109 P, ILL</subfield>
  </datafield>
  <datafield tag="500" ind1=" " ind2=" ">
    <subfield code="a">INCLUDES BIBLIOGRAPHIC REFERENCE</subfield>
  </datafield>
  <datafield tag="650" ind1=" " ind2=" ">
    <subfield code="a">AGRICULTURE- STUDY AND TEACHING</subfield>
  </datafield>
  <datafield tag="942" ind1=" " ind2=" ">
    <subfield code="2">lcc</subfield>
    <subfield code="c">REF</subfield>
  </datafield>
  <datafield tag="999" ind1=" " ind2=" ">
    <subfield code="c">216068</subfield>
    <subfield code="d">216068</subfield>
  </datafield>
  <datafield tag="952" ind1=" " ind2=" ">
    <subfield code="0">0</subfield>
    <subfield code="1">0</subfield>
    <subfield code="2">lcc</subfield>
    <subfield code="4">0</subfield>
    <subfield code="6">THE  S00531.00394 02017</subfield>
    <subfield code="7">0</subfield>
    <subfield code="8">SCT</subfield>
    <subfield code="9">372929</subfield>
    <subfield code="a">KSUL</subfield>
    <subfield code="b">KSUL</subfield>
    <subfield code="c">DISPLAY</subfield>
    <subfield code="d">2025-09-02</subfield>
    <subfield code="i">108014</subfield>
    <subfield code="l">0</subfield>
    <subfield code="o">THE S531.0394 2017</subfield>
    <subfield code="p">000000024631</subfield>
    <subfield code="r">2025-09-02 15:27:44</subfield>
    <subfield code="t">C.1</subfield>
    <subfield code="w">2025-09-02</subfield>
    <subfield code="y">BK</subfield>
  </datafield>
  <datafield tag="952" ind1=" " ind2=" ">
    <subfield code="0">0</subfield>
    <subfield code="1">0</subfield>
    <subfield code="2">lcc</subfield>
    <subfield code="4">0</subfield>
    <subfield code="6">THE S531 O394  02017</subfield>
    <subfield code="7">0</subfield>
    <subfield code="8">SC</subfield>
    <subfield code="9">373158</subfield>
    <subfield code="a">KSUL</subfield>
    <subfield code="b">KSUL</subfield>
    <subfield code="c">DISPLAY</subfield>
    <subfield code="d">2025-11-06</subfield>
    <subfield code="i">090524</subfield>
    <subfield code="l">0</subfield>
    <subfield code="o">THE S 531 .O 394 2017</subfield>
    <subfield code="p">017444</subfield>
    <subfield code="r">2025-11-06 16:29:35</subfield>
    <subfield code="t">2</subfield>
    <subfield code="w">2025-11-06</subfield>
    <subfield code="y">REF</subfield>
  </datafield>
</record>
